00539nam a2200145Ia 4500008004100000024001600041082001800057100002500075245008300100260002500183600002100208650003800229952010900267999001700376250506s9999 xx 000 0 und d a00B-26-BCS3 a658.05072 FUR aFurqan A. Saeed Khan 0aE-Commerce Project: universel trade online website www.universetradeonline.org aKarachi:bUIT,c2000 aComputer Science aBachelor of Computer Science (BS) 001040708PR-CSaUITUbUITUd2022-07-26l0o658.05072 FURpBS-130r2025-05-06 11:34:36w2025-05-06yPR c28744d28744